Music Quiz

Random Music or Clickable Quiz

Likable Song Lyrics Quiz Stats

Quiz Updated Feb 7, 2015

Also try: Fill in the Lyrics
Challenge
Share
Tweet
Embed
Score 0/26 Timer 08:00
4 Plays Today
% Correct
queen
93.2%
sun
92.8%
room
92.4%
bag
91.9%
angel
91.6%
rainbow
91.1%
heart
90.1%
oven
89.8%
ship
89.1%
bird
88%
man
87.4%
contestant
87.1%
stone
87%
% Correct
army
84.8%
beer
84.8%
daydream
84.4%
movie
83.9%
fool
83.7%
stranger
83.6%
baroness
82.2%
crown
81.7%
highway
81.6%
shadow
79.2%
cancer
78.3%
imbecile
74.7%
unknown
68.7%

You're not logged in!

Compare scores with friends on all Sporcle quizzes.
Join for Free
OR
Log In

You Might Also Like...

Show Comments

Extras

Top Quizzes Today


Score Distribution

Your Account Isn't Verified!

In order to create a playlist on Sporcle, you need to verify the email address you used during registration. Go to your Sporcle Settings to finish the process.

Report this User

Report this user for behavior that violates our Community Guidelines.

Details: